000 00289nam a22001337a 4500
008 181024b xxu||||| |||| 00| 0 eng d
020 _a00703312300
041 _aeng
080 _24 ED
_a610
100 _a4
101 _aSHM
245 _aClinical Ethics
_cJonsen.A.R
942 _2udc
_cBK
999 _c50822
_d50822